000 00523nam a22001817a 4500
020 _a0003832503
082 _a690
_bBAR
_cL-14, P-187
100 _aBarry, R.
245 _aThe construction of buildings
_cBarry, R.
250 _a4th ed.
260 _aLondon
_bEnglish language book society
_c1980 c.
300 _a116 p.
_bill.
_c28 cm
500 _aV.1. Construction and materials
526 _a0
_b0
_c0
_d690_000000000000000_BAR
526 _a0
_b0
_c0
_d690_000000000000000_BAR
650 _aMCE
_9379
942 _2ddc
_cBK
999 _c548633
_d548633